Sketches of an Elephant: A Topos Theory Compendium, Vol. 2 /

Uložené v:
Podrobná bibliografia
Hlavný autor: Johnstone, Peter T. (Autor)
Médium: Kniha
Jazyk:English
Vydavateľské údaje: Oxford: Clarendon press, 2002
Edícia:Oxford logic guides 44
Tagy: Pridať tag
Žiadne tagy, Buďte prvý, kto otaguje tento záznam!

MARC

LEADER 00000nam a22000003a 4500
001 0009961
003 SK-STU
005 20151208111312.8
007 ta
008 151208s ----xo-----e------000-0-----d
020 |a 978-0-19-852496-0 
040 |a STU  |b slo 
041 0 |a eng  |h eng 
044 |a xxk 
100 1 |a Johnstone, Peter T.  |4 aut 
245 1 0 |a Sketches of an Elephant:  |b A Topos Theory Compendium, Vol. 2 /  |c aut. Peter T Johnstone 
260 |a Oxford:  |b Clarendon press,  |c 2002 
300 |a 1160 s. 
490 0 |a Oxford logic guides 44 
996 |c V* 52282/O-23439  |l VV11  |s P  |a 0  |w 0009961_0001